<?xml version="1.0" encoding="UTF-8"?>
<record
    xmlns:xsi="http://www.w3.org/2001/XMLSchema-instance"
    xsi:schemaLocation="http://www.loc.gov/MARC21/slim http://www.loc.gov/standards/marcxml/schema/MARC21slim.xsd"
    xmlns="http://www.loc.gov/MARC21/slim">

  <leader>03921njm a2200541Ia 4500</leader>
  <controlfield tag="001">23782</controlfield>
  <controlfield tag="003">IT-RoPAU</controlfield>
  <controlfield tag="005">20220918181122.0</controlfield>
  <controlfield tag="008">131025s9999    xx            000 0 und d</controlfield>
  <datafield tag="040" ind1=" " ind2=" ">
    <subfield code="a">IT-RoPAU</subfield>
  </datafield>
  <datafield tag="040" ind1=" " ind2=" ">
    <subfield code="c">IT-RoPAU</subfield>
  </datafield>
  <datafield tag="999" ind1=" " ind2=" ">
    <subfield code="c">99857</subfield>
    <subfield code="d">99857</subfield>
  </datafield>
  <datafield tag="999" ind1=" " ind2=" ">
    <subfield code="b">n.d.</subfield>
  </datafield>
  <datafield tag="100" ind1=" " ind2=" ">
    <subfield code="a">AA.VV.</subfield>
    <subfield code="9">794</subfield>
  </datafield>
  <datafield tag="100" ind1=" " ind2=" ">
    <subfield code="e">Autore musica</subfield>
    <subfield code="9">5831</subfield>
  </datafield>
  <datafield tag="100" ind1=" " ind2=" ">
    <subfield code="g">Codice autore musica SPICS: 12000</subfield>
    <subfield code="9">796</subfield>
  </datafield>
  <datafield tag="245" ind1=" " ind2=" ">
    <subfield code="a">Antologia classico-leggera vol.3 (Lp Fontana 6736 006)</subfield>
  </datafield>
  <datafield tag="250" ind1=" " ind2=" ">
    <subfield code="a">1a ed.</subfield>
  </datafield>
  <datafield tag="260" ind1=" " ind2=" ">
    <subfield code="a">ITALIA</subfield>
  </datafield>
  <datafield tag="260" ind1=" " ind2=" ">
    <subfield code="b">FONTANA RECORD</subfield>
    <subfield code="c">1970 [1a Ed.:1970]</subfield>
  </datafield>
  <datafield tag="300" ind1=" " ind2=" ">
    <subfield code="a">DISCO</subfield>
  </datafield>
  <datafield tag="500" ind1=" " ind2=" ">
    <subfield code="a">Musica classico leggera 1846-1885.</subfield>
  </datafield>
  <datafield tag="505" ind1=" " ind2=" ">
    <subfield code="a">Il pipistrello: ouverture (J.Strauss Jr.) - Rapsodia ungherese N 2 in re min (Liszt)  - Storielle del bosco viennese. valzer op 325 - Abu Hassan: ouverture (C.M.Von Weber) - Mignon: ouverture (A.Thomas) - Capriccio spagnolo op 34 (Rimski/Korsakov) - Barcarola da "I racconti di Hoffmann) - Czarda (Vittorio Monti)  - Melodia elegiaca op 34 N 1 ferite del cuore (Grieg) - Souvenir (Drdla) - Berceuse dall'opera Jocelyn (B.Godard) - Io t'amo lirica op 5 N 3 (Grieg)  - Perpetuum mobile op 257 (Moto perpetuo) - Minuetto dal quintetto per archi in mi magg op 13 N 5 - Coro delle religiose da Casanova (Strauss Jr.)  - Ave Maria dal primo preludio di J.S.Bach (Gounod)</subfield>
  </datafield>
  <datafield tag="511" ind1=" " ind2=" ">
    <subfield code="a">Orchestra Sinfonica di Londra diretta da MacKerras Charles</subfield>
  </datafield>
  <datafield tag="511" ind1=" " ind2=" ">
    <subfield code="a">Orchestra Sinfonica di Vienna diretta da Tibor Paul</subfield>
  </datafield>
  <datafield tag="511" ind1=" " ind2=" ">
    <subfield code="a">Orchestra Sinfonica di Vienna diretta da Walter Paul</subfield>
  </datafield>
  <datafield tag="511" ind1=" " ind2=" ">
    <subfield code="a">Orchestra Sinfonica di Londra diretta da Dorati Antal</subfield>
  </datafield>
  <datafield tag="511" ind1=" " ind2=" ">
    <subfield code="a">Solisti della Rtv-Berlino e Grande Orchestra  della Deutschlandsende diretti da Hanell Robert</subfield>
  </datafield>
  <datafield tag="511" ind1=" " ind2=" ">
    <subfield code="a">Morbitzer Egon al violino e la Grande Orchestra della Deutschlandsender diretti da Hanell Robert</subfield>
  </datafield>
  <datafield tag="511" ind1=" " ind2=" ">
    <subfield code="a">Orchestra Filarmonica dell'Aja diretta da Van Otterloo Willem</subfield>
  </datafield>
  <datafield tag="511" ind1=" " ind2=" ">
    <subfield code="a">Orofino Ruggero:tenore e l'orchestra Filarmonica di Dresda diretti da Masur Kurt</subfield>
  </datafield>
  <datafield tag="511" ind1=" " ind2=" ">
    <subfield code="a">Orchestra Sinfonica di Vienna diretta da Sawallisch Wolfgang</subfield>
  </datafield>
  <datafield tag="511" ind1=" " ind2=" ">
    <subfield code="a">Orchestra Sinfonica della Rtv di Lipsia diretta da Hanell Robert</subfield>
  </datafield>
  <datafield tag="511" ind1=" " ind2=" ">
    <subfield code="a">Coro di Voci Femminili della Rtv di Lipsia diretto da Hanell Robert; Ebert Elisabeth soprano, Morbitzer Egon violino, Otto Hans organo</subfield>
  </datafield>
  <datafield tag="650" ind1=" " ind2=" ">
    <subfield code="a">CLASSICA [DISCHI]</subfield>
    <subfield code="e">Codice MATERIA SPICS: 9950</subfield>
    <subfield code="9">1157</subfield>
  </datafield>
  <datafield tag="700" ind1=" " ind2=" ">
    <subfield code="a">Strauss Johann Jr.</subfield>
    <subfield code="d">Codice autore musica SPICS: 11164</subfield>
    <subfield code="e">Autore musica</subfield>
    <subfield code="p">Il pipistrello: ouverture - Storielle del bosco viennese - Perpetuum mobile - Coro delle religiose da Casanova</subfield>
    <subfield code="9">5832</subfield>
  </datafield>
  <datafield tag="700" ind1=" " ind2=" ">
    <subfield code="a">Weber (Von) Carl M.</subfield>
    <subfield code="d">Codice autore musica SPICS: 10693</subfield>
    <subfield code="e">Autore musica</subfield>
    <subfield code="p">Abu Hassan: ouverture</subfield>
    <subfield code="9">5833</subfield>
  </datafield>
  <datafield tag="700" ind1=" " ind2=" ">
    <subfield code="a">Thomas Charles Luis Ambroise</subfield>
    <subfield code="d">Codice autore musica SPICS: 13787</subfield>
    <subfield code="e">Autore musica</subfield>
    <subfield code="p">Mignon: ouverture </subfield>
    <subfield code="9">5834</subfield>
  </datafield>
  <datafield tag="700" ind1=" " ind2=" ">
    <subfield code="a">Rimskij-Korsakov Nikolai</subfield>
    <subfield code="d">Codice autore musica SPICS: 10687</subfield>
    <subfield code="e">Autore musica</subfield>
    <subfield code="p">Capriccio spagnolo op 34</subfield>
    <subfield code="9">5835</subfield>
  </datafield>
  <datafield tag="700" ind1=" " ind2=" ">
    <subfield code="a">Offenbach Jacques</subfield>
    <subfield code="d">Codice autore musica SPICS: 11045</subfield>
    <subfield code="e">Autore musica</subfield>
    <subfield code="p">Barcarola da "I racconti di Hoffmann"</subfield>
    <subfield code="9">5836</subfield>
  </datafield>
  <datafield tag="700" ind1=" " ind2=" ">
    <subfield code="a">Monti Vittorio</subfield>
    <subfield code="d">Codice autore musica SPICS: 13788</subfield>
    <subfield code="e">Autore musica</subfield>
    <subfield code="p">Czarda</subfield>
    <subfield code="9">5837</subfield>
  </datafield>
  <datafield tag="700" ind1=" " ind2=" ">
    <subfield code="a">Grieg Edward</subfield>
    <subfield code="d">Codice autore musica SPICS: 10671</subfield>
    <subfield code="e">Autore musica</subfield>
    <subfield code="p">Melodia elegiaca op 34 N 1 ferite del cuore  - Io t'amo lirica op 5 N 3</subfield>
    <subfield code="9">5838</subfield>
  </datafield>
  <datafield tag="700" ind1=" " ind2=" ">
    <subfield code="a">Drdla Frantisek</subfield>
    <subfield code="d">Codice autore musica SPICS: 13769</subfield>
    <subfield code="e">Autore musica</subfield>
    <subfield code="p">Souvenir</subfield>
    <subfield code="9">5839</subfield>
  </datafield>
  <datafield tag="700" ind1=" " ind2=" ">
    <subfield code="a">Godard Benjamin</subfield>
    <subfield code="d">Codice autore musica SPICS: 13789</subfield>
    <subfield code="e">Autore musica</subfield>
    <subfield code="p">Berceuse dall'opera Jocelyn</subfield>
    <subfield code="9">5840</subfield>
  </datafield>
  <datafield tag="700" ind1=" " ind2=" ">
    <subfield code="a">Boccherini Luigi</subfield>
    <subfield code="d">Codice autore musica SPICS: 7898</subfield>
    <subfield code="e">Autore musica</subfield>
    <subfield code="p">Minuetto dal quintetto per archi in mi magg op 13 N 5</subfield>
    <subfield code="9">5841</subfield>
  </datafield>
  <datafield tag="700" ind1=" " ind2=" ">
    <subfield code="a">Bach Johann Sebastian</subfield>
    <subfield code="d">Codice autore musica SPICS: 9695</subfield>
    <subfield code="e">Autore musica</subfield>
    <subfield code="p">Ave Maria dal primo preludio di J.S.Bach</subfield>
    <subfield code="9">5842</subfield>
  </datafield>
  <datafield tag="700" ind1=" " ind2=" ">
    <subfield code="a">Gounod Charles</subfield>
    <subfield code="d">Codice autore SPICS: 10670</subfield>
    <subfield code="e">Autore</subfield>
    <subfield code="p">Ave Maria dal primo preludio di J.S.Bach</subfield>
    <subfield code="9">5843</subfield>
  </datafield>
  <datafield tag="942" ind1=" " ind2=" ">
    <subfield code="c">MD</subfield>
    <subfield code="2">ddc</subfield>
  </datafield>
  <datafield tag="952" ind1=" " ind2=" ">
    <subfield code="0">0</subfield>
    <subfield code="1">0</subfield>
    <subfield code="4">0</subfield>
    <subfield code="6">23782_000000000000000</subfield>
    <subfield code="7">1</subfield>
    <subfield code="a">SPICS</subfield>
    <subfield code="b">SPICS</subfield>
    <subfield code="d">2013-10-25</subfield>
    <subfield code="l">0</subfield>
    <subfield code="o">23782</subfield>
    <subfield code="r">2013-10-25 00:00:00</subfield>
    <subfield code="w">2013-10-25</subfield>
    <subfield code="y">MD</subfield>
    <subfield code="z">Progr. Ins.: 4629 / N.Vol.: 2 / Copie: 1 - Copia rara: n.d. / date import: 01.01.2014 - By Epidotti, Trombetti, Vaglietti</subfield>
  </datafield>
</record>
